000 00836nam a2200217 i 4500
001 46801
003 ES-MaACL
005 20230906161441.0
007 t|
008 030401s1814 sp ||||1| spa d
100 1 _aConnelly, Tomás.
_9126566
245 1 0 _aGramática de la lengua inglesa
_b: que contiene reglas faciles para su pronunciacion y aprenderla metodicamente ... /
_csu autor Tomas Connelly.
250 _a5ª ed.
260 _aMadrid :
_bImp. Real,
_c1814.
300 _a442 p. ;
_c18 cm.
530 _aDisponible también en sitio web.
597 _aSign.: [ ]¹, *², A-Z8, Aa-Dd8, Ee4, Ff¹.
650 0 4 _aLengua inglesa-
_xGramática.
_914277
852 _aES-MaACL
_jG-3666
856 _uhttp://bibliotecadigitalhispanica.bne.es:80/webclient/DeliveryManager?pid=3155879&custom_att_2=simple_viewer
_zIr a la página
999 _c46801
_d46801